<?xml version="1.0" encoding="UTF-8"?>
<record
    xmlns:xsi="http://www.w3.org/2001/XMLSchema-instance"
    xsi:schemaLocation="http://www.loc.gov/MARC21/slim http://www.loc.gov/standards/marcxml/schema/MARC21slim.xsd"
    xmlns="http://www.loc.gov/MARC21/slim">

  <leader>03112nam a2200313   4500</leader>
  <controlfield tag="001">113488</controlfield>
  <controlfield tag="003">DR-UNIBE</controlfield>
  <controlfield tag="005">20260213153341.0</controlfield>
  <controlfield tag="008">250424b2001    dr ||||| |||| 00| 0 spa d</controlfield>
  <datafield tag="020" ind1=" " ind2=" ">
    <subfield code="a">9993481653 (volumen 1)</subfield>
  </datafield>
  <datafield tag="020" ind1=" " ind2=" ">
    <subfield code="a">9993481661 (volumen 2)</subfield>
  </datafield>
  <datafield tag="040" ind1=" " ind2=" ">
    <subfield code="a">BIBLIOTECA UNIBE</subfield>
    <subfield code="b">spa</subfield>
    <subfield code="c">BIBLIOTECA UNIBE</subfield>
  </datafield>
  <datafield tag="041" ind1=" " ind2=" ">
    <subfield code="a">spa</subfield>
  </datafield>
  <datafield tag="082" ind1=" " ind2=" ">
    <subfield code="2">22</subfield>
    <subfield code="a">RD 347.7293016 P965L</subfield>
  </datafield>
  <datafield tag="245" ind1="0" ind2="0">
    <subfield code="a">Prontuario de legislaci&#xF3;n de la competencia de los juzgados de paz</subfield>
  </datafield>
  <datafield tag="250" ind1=" " ind2=" ">
    <subfield code="a">Primera edici&#xF3;n</subfield>
  </datafield>
  <datafield tag="260" ind1=" " ind2=" ">
    <subfield code="a">Santo Domingo :</subfield>
    <subfield code="b">Escuela Nacional de la Judicatura,</subfield>
    <subfield code="c">2001</subfield>
  </datafield>
  <datafield tag="300" ind1=" " ind2=" ">
    <subfield code="a">2 vol&#xFA;menes ;</subfield>
    <subfield code="c">28 cm</subfield>
  </datafield>
  <datafield tag="490" ind1=" " ind2=" ">
    <subfield code="a">Biblioteca b&#xE1;sica del juez de paz ;</subfield>
    <subfield code="v">3</subfield>
  </datafield>
  <datafield tag="505" ind1="0" ind2=" ">
    <subfield code="a">Volumen 1 |
A manera de introducci&#xF3;n |
Competencia general de los tribunales |
PRIMERA PARTE |
1.1	Disposiciones de orden organizacional |
1.1.1.	Art&#xED;culos 76 y 77 de la Constituci&#xF3;n de la Rep&#xFA;blica Dominicana |
1.1.2.	Normativas de organizaci&#xF3;n |
1.1.3.	Ley de carrera judicial de la Rep&#xFA;blica Dominicana |
1.1.4.	Reglamento de la carrera judicial |
1.1.5.	Leyes que crean juzgados de paz y determinan l&#xED;mites de circunscripciones |
1.1.6.	Normativas relativas al cobro de impuestos |
1.1.7.	Resoluci&#xF3;n No. 246-2001 de la Suprema Corte de Justicia con relaci&#xF3;n al cobro de honorarios por los jueces de paz |
1.1.8.	Ley 302, de 1964, sobre honorarios de abogados |
1.1.9.	Ley 091, de 1983, que crea el colegio de abogados |
1.1.10.	Resoluci&#xF3;n de la Suprema Corte de Justicia, ratificando que la designaci&#xF3;n de juez suplente entrega la investidura de notario p&#xFA;blico |
SEGUNDA PARTE. NORMATIVAS DE CAR&#xC1;CTER PENAL EXCLUSIVA |
Secci&#xF3;n I |
2.1 Providencias de procedimiento |
Secci&#xF3;n II |
2.2 Providencias de car&#xE1;cter urbano |
Secci&#xF3;n III |
2.3 Providencias de car&#xE1;cter rural |
Secci&#xF3;n IV. |
2.4 Providencias de car&#xE1;cter mixto |
TERCERA PARTE. NORMATIVAS DE CAR&#xC1;CTER GENERAL |
Secci&#xF3;n I. |
3.1 Disposiciones relativas a infracciones laborales |
3.2 Disposiciones relativas a accidentes de trabajo
</subfield>
  </datafield>
  <datafield tag="505" ind1="0" ind2=" ">
    <subfield code="a">Volumen 2 |
CUARTA PARTE. NORMATIVAS QUE ATRIBUYEN COMPETENCIA PENAL NO EXCLUSIVA |
Secci&#xF3;n I |
4.1 Disposiciones de car&#xE1;cter particular |
Secci&#xF3;n II |
4.2 Disposiciones relativas a ni&#xF1;os, ni&#xF1;as y adolescentes |
4.3 Disposiciones relativas a alquileres y propiedad de pisos o apartamentos |
QUINTA PARTE. NORMATIVAS QUE ATRIBUYEN COMPETENCIA CIVIL Y COMERCIAL |
Secci&#xF3;n I |
5.1 Disposiciones relativas a actividades civiles y comerciales |
Secci&#xF3;n II |
5.2 Disposiciones de car&#xE1;cter administrativo |
SEXTA PARTE |
6.1 Diversas normativas que otorgan competencia a los juzgados de paz municipales
</subfield>
  </datafield>
  <datafield tag="650" ind1=" " ind2="7">
    <subfield code="2">lemb</subfield>
    <subfield code="a">Jueces de paz</subfield>
    <subfield code="x">Legislaci&#xF3;n</subfield>
    <subfield code="z">Rep&#xFA;blica Dominicana</subfield>
    <subfield code="9">202411</subfield>
  </datafield>
  <datafield tag="650" ind1=" " ind2="4">
    <subfield code="2">lemb</subfield>
    <subfield code="a">Juzgados de paz</subfield>
    <subfield code="x">Legislaci&#xF3;n</subfield>
    <subfield code="z">Rep&#xFA;blica Dominicana</subfield>
    <subfield code="9">202412</subfield>
  </datafield>
  <datafield tag="650" ind1=" " ind2="4">
    <subfield code="a">Juzgados de paz</subfield>
    <subfield code="x">Organizaci&#xF3;n</subfield>
    <subfield code="9">202413</subfield>
  </datafield>
  <datafield tag="650" ind1=" " ind2="7">
    <subfield code="a">Administraci&#xF3;n de justicia</subfield>
    <subfield code="2">lemb</subfield>
    <subfield code="z">Rep&#xFA;blica Dominicana</subfield>
    <subfield code="9">8552</subfield>
  </datafield>
  <datafield tag="700" ind1=" " ind2=" ">
    <subfield code="a">Subero Isa, Jorge A.,</subfield>
    <subfield code="d">1947-</subfield>
    <subfield code="e">prologuista</subfield>
    <subfield code="9">15642</subfield>
  </datafield>
  <datafield tag="700" ind1="1" ind2=" ">
    <subfield code="a">Castellanos Estrella, V&#xED;ctor Jos&#xE9;</subfield>
    <subfield code="e">compilador</subfield>
    <subfield code="9">29257</subfield>
  </datafield>
  <datafield tag="942" ind1=" " ind2=" ">
    <subfield code="2">ddc</subfield>
    <subfield code="c">BK</subfield>
  </datafield>
  <datafield tag="999" ind1=" " ind2=" ">
    <subfield code="c">113488</subfield>
    <subfield code="d">113488</subfield>
  </datafield>
  <datafield tag="952" ind1=" " ind2=" ">
    <subfield code="0">0</subfield>
    <subfield code="1">0</subfield>
    <subfield code="2">ddc</subfield>
    <subfield code="7">0</subfield>
    <subfield code="8">GEN-RD</subfield>
    <subfield code="a">Principal</subfield>
    <subfield code="d">2025-02-24</subfield>
    <subfield code="l">0</subfield>
    <subfield code="o">RD 347.7293016 P965L</subfield>
    <subfield code="p">250343</subfield>
    <subfield code="r">2025-04-24 14:34:09</subfield>
    <subfield code="t">Vol. 1 Ej. 1</subfield>
    <subfield code="w">2025-04-24</subfield>
    <subfield code="y">BK</subfield>
  </datafield>
  <datafield tag="952" ind1=" " ind2=" ">
    <subfield code="0">0</subfield>
    <subfield code="1">0</subfield>
    <subfield code="2">ddc</subfield>
    <subfield code="7">0</subfield>
    <subfield code="8">GEN-RD</subfield>
    <subfield code="a">Principal</subfield>
    <subfield code="d">2025-02-24</subfield>
    <subfield code="l">0</subfield>
    <subfield code="o">RD 347.7293016 P965L</subfield>
    <subfield code="p">250344</subfield>
    <subfield code="r">2025-04-24 14:35:03</subfield>
    <subfield code="t">Vol. 2, Ej. 1</subfield>
    <subfield code="w">2025-04-24</subfield>
    <subfield code="y">BK</subfield>
  </datafield>
</record>
